Ashoka in ancient India / (Record no. 147446)
[ view plain ]
| 000 -LEADER | |
|---|---|
| fixed length control field | 00625nam a22001937a 4500 |
| 005 - DATE AND TIME OF LATEST TRANSACTION | |
| control field | 20171116102602.0 |
| 010 ## - LCCN (DPL NO) | |
| LC control number | ENG-121410 |
| 020 ## - INTERNATIONAL STANDARD BOOK NUMBER | |
| International Standard Book Number | 9788178243887 |
| Terms of availability | 895.00 |
| 035 ## - SYSTEM CONTROL NUMBER | |
| System control number | EN-104942 |
| 037 ## - SOURCE OF ACQUISITION | |
| Source of stock number/acquisition | DBAD/PUB |
| 082 ## - DEWEY DECIMAL CLASSIFICATION NUMBER | |
| Classification number | 934.045092 |
| 100 ## - MAIN ENTRY--PERSONAL NAME | |
| Personal name | Lahiri,Nayanjot |
| 245 ## - TITLE STATEMENT | |
| Title | Ashoka in ancient India / |
| Statement of responsibility, etc | by Nayanjot Lahiri |
| 260 ## - PUBLICATION, DISTRIBUTION, ETC. (IMPRINT) | |
| Place of publication, distribution, etc | Ranikhet |
| Name of publisher, distributor, etc | Permanent Black |
| Date of publication, distribution, etc | 2017 |
| 270 ## - ADDRESS | |
| Address | Himalayana, Mall Road, Ranikhet Cantt. |
| City | Ranikhet |
| Postal code | 263645 |
| 300 v# - PHYSICAL DESCRIPTION | |
| Extent | x,385p. : |
| Dimensions | 23cm(pbk) |
| Other physical details | ill.(maps) |
| 500 ## - GENERAL NOTE | |
| General note | Includes bibliographical references and index |
| 942 ## - ADDED ENTRY ELEMENTS (KOHA) | |
| Source of classification or shelving scheme | Dewey Decimal Classification |
| Item type | English Books |
| Call number suffix | LAH |
| Classification part | 934.045092 |
| Withdrawn status | Lost status | Not for loan | Collection code | Home library | Current library | Date acquired | Source of acquisition | Cost, normal purchase price | Full call number | Barcode | Copy number | Cost, replacement price | Koha item type |
|---|---|---|---|---|---|---|---|---|---|---|---|---|---|
| Non-fiction | Shahdara Branch | Shahdara Branch | 15/11/2017 | DBAD/PUB | 895.00 | 934.045092 LAH | EN-104942 | 1 | 895.00 | English Books |
